000 01237nam a22001937a 4500
999 _c60202
_d60202
003 Ge_BSU
005 20230619101602.0
008 230619s1980 ge ||||| |||| 00| 0 geo d
041 _ageo
080 _a903.5(479.22) თ-71
100 _aთოლორდავა, ვერა
_918735
245 _aდაკრძალვის წესები ელინისტური ხანის საქართველოში :
_b(ქვევრსამარხები) /
_cვერა თოლორდავა ; საქ. სსრ მეცნ. აკად., არქეოლ. კომ., ივ. ჯავახიშვილის სახ. ისტორიის, არქეოლოგიისა და ეთნოგრ. ინ-ტის არქეოლოგ. კვლევ. ცენტრი.
264 _aთბილისი :
_b მეცნიერება,
_c1980.
300 _a74 გვ. :
_b28 ფ. ილ. ;
_c25 სმ.
520 _aრეზ. რუს.
653 _aდაკრძალვის წესები საქართველოში
653 _aქვევრსამარხები საქართველოში
942 _2udc
_cBK